La invención de las mujeres : una perspectiva africana sobre los discursos occidentales del género

La importancia de la obra de Oyěwùmí, y en particular de este libro, reside no solo en el origen de quién lo escribe sino en lo que sus páginas delatan, en la perspectiva que nos propone la autora para volver a auscultar lo que hemos dado por supuesto. Las tesis que se nos proponen sin lugar a duda...

Full description

Bibliographic Details
Main Author: Oyěwùmí, Oyèronké
Format: Libro electronico
Language:Spanish
Online Access:Acceso electrónico al documento

MARC

LEADER 00000cam a2200000 a 4500
001 030288
003 UAHC_CL
005 20251126204227.0
008 251126s2017 ck 000 spa
040 |a UAHC_CL  |c UAHC_CL  |d UAHC_CL 
100 |a Oyěwùmí, Oyèronké  |9 22555 
245 1 0 |a La invención de las mujeres :   |b una perspectiva africana sobre los discursos occidentales del género  |c Oyèronké Oyěwùmí. 
264 |a Bogotá :  |b en la frontera,  |c 2017. 
300 |a 316 páginas 
500 |a Sitio visitado https://drive.google.com/file/d/1SrIrvIbR2YmlixwMyUD6yDOUoVC6SryA/view?fbclid=IwAR2NYJGDDbwYD-Hb3RFEXhEbISsoGs3y5weMB5alPlpXFWe_vrtSqY5QmDw el 26 de noviembre de 2025. 
520 |a La importancia de la obra de Oyěwùmí, y en particular de este libro, reside no solo en el origen de quién lo escribe sino en lo que sus páginas delatan, en la perspectiva que nos propone la autora para volver a auscultar lo que hemos dado por supuesto. Las tesis que se nos proponen sin lugar a duda vienen a contribuir a los esfuerzos por superar la interpretación feminista clásica centrada en género y sexualidad -eso que en diferentes oportunidades he denominado la razón eurocentrada del feminismo. 
856 |3 Acceso electrónico al documento  |u https://drive.google.com/file/d/1SrIrvIbR2YmlixwMyUD6yDOUoVC6SryA/view?fbclid=IwAR2NYJGDDbwYD-Hb3RFEXhEbISsoGs3y5weMB5alPlpXFWe_vrtSqY5QmDw 
942 |c LE  |2 ddc 
952 |0 0  |1 0  |2 ddc  |4 0  |6 RECURSO_ELECTRÓNICO  |7 0  |8 BAS  |9 101518  |a BR  |b BR  |c Digital  |d 2025-11-26  |l 0  |o Recurso electrónico  |r 2025-11-26 20:42:00  |w 2025-11-26  |y LE  |B SOC 
999 |c 63204  |d 63204